Poppea /

সংরক্ষণ করুন:
গ্রন্থ-পঞ্জীর বিবরন
প্রধান লেখক: ROSTAND, POLINSCKY (লেখক), RUTTMAN (লেখক)
বিন্যাস: গ্রন্থ
ভাষা:ইতালিয়
প্রকাশিত: Torino : MEB, c1969
ট্যাগগুলো: ট্যাগ যুক্ত করুন
কোনো ট্যাগ নেই, প্রথমজন হিসাবে ট্যাগ করুন!

MARC

LEADER 00000nam a22000007i 4500
001 IT\ICCU\UBO\0090795
003 ItRI
005 20260115232344.0
008 920708s1969 it |||||| ||||| |||||c
040 |b ita  |c importazione bologna sebina 
041 7 |a ita  |2 ISO-639-2 
082 |a 741.5944  |9 RACCOLTE DI VIGNETTE, CARICATURE, FUMETTI. Francia e Monaco  |2 20 
100 0 |a ROSTAND  |0 IT\ICCU\UBOV\058120 
240 1 0 |a Poppea  |3 IT\ICCU\USM\0069656  |9 ROSTAND 
245 1 0 |a Poppea /  |c disegni [di] Rostand ; testo [di] Polinscky, Ruttman. 
260 |a Torino :  |b MEB,  |c c1969 
300 |a 72 p. :  |b in maggior parte ill. ;  |c 33 cm. 
700 0 |a POLINSCKY  |0 IT\ICCU\UBOV\058121  |4 aut 
700 0 |a RUTTMAN  |0 IT\ICCU\UBOV\058122  |4 aut 
942 |2 ddc  |c BK  |n 0 
952 |0 0  |1 0  |4 0  |6 DOC_741_594000000000000_ROS  |7 0  |9 24724  |a BO  |b BO  |d 2026-01-15  |i 17122  |l 0  |o DOC 741.594 ROS  |p BO17122  |r 2026-01-15 23:23:44  |w 2026-01-15  |x [Sebina 6] [1 v.]  |y BK  |z 1 v. 
999 |c 21016  |d 21016